| 000 | 00495nam a22001697a 4500 | ||
|---|---|---|---|
| 003 | BD-DhUL | ||
| 005 | 20200308120159.0 | ||
| 008 | 190114s1988 pk ||||| |||| 00| 0 urd d | ||
| 040 |
_aBD-DhUL _cBD-DhUL |
||
| 082 |
_a891.4308 _bHOM |
||
| 100 | 1 |
_aحسین، فاخر _4 |
|
| 245 | 1 | 0 |
_aمضامین جمالیات / _cفاخر حسین |
| 260 |
_aلاھور : _bمیان چیمبرز، _c۔۱۹۸۸ |
||
| 300 |
_aص۔ ۲۴۷ ؛ _c۲۴ سم۔ |
||
| 650 | 4 | _aUrdu Literature | |
| 942 |
_2ddc _cBK |
||
| 999 |
_c245773 _d245773 |
||